América Latina en el sistema del capitalismo moderno (algunas problemas para discusión) /

Gardado en:
Detalles Bibliográficos
Autor Principal: Volski, Víctor
Formato: Texto
Etiquetas: Engadir etiqueta
Sen Etiquetas, Sexa o primeiro en etiquetar este rexistro!

MARC

LEADER 00000 a a2200000 04500
001 701
003
040
100 |a Volski, Víctor  
245 |a América Latina en el sistema del capitalismo moderno (algunas problemas para discusión) /  |c Víctor Volski 
773 |g número 6; páginas 4-33  
999 |c 29610  |d 29610